| 000 | 00822nam a2200229Ii 4500 | ||
|---|---|---|---|
| 003 | JO-AjNU | ||
| 008 | 230605s9999||||xx |||||||||||||| ||und|| | ||
| 017 | _a2003/9/1921 | ||
| 020 | _a9957-11-468-9 | ||
| 040 |
_aJO-AjNU _bara _erda _cJO-AjNU |
||
| 041 | _aara | ||
| 050 | 1 | 4 | _aHF5415 .1265.U274.2007 |
| 100 | 3 |
_aابو فارة،يوسف احمد, _eauthor _929112 |
|
| 245 | 0 | 0 | _aالتسويق الالكتروني:عناصر المزيج التسويقي عبر الانترنت |
| 250 | _aط2 | ||
| 264 | 3 | 1 | _aعمان:دار وائل للنشر والتوزيع؛2007 |
| 300 |
_a392ص _bيحتوي على ملاحق من ص 383-392 |
||
| 336 |
_atext _btxt _2rdacontent |
||
| 337 |
_aunmediated _bn _2rdamedia |
||
| 338 |
_avolume _bnc _2rdacarrier |
||
| 650 | 4 |
_aالتسويق-ادارة مبيعات _929113 |
|
| 999 |
_aA11376 _c14944 _d14944 |
||